000 00666nam a2200277Ia 4500
005 20260324150425.0
008 008 260324s9999 xx 000 0 eng d
020 _a9780203001837
037 _aEBOOK
040 _aCRL
040 _beng
040 _cCRL
041 _2eng
041 _aeng
084 _qCRL
100 _aDr David H Hargreaves; David Hargreaves
_91226364
245 0 _aSocial Relations in a Secondary School
260 _bTaylor and Francis
260 _c1967
365 _a
365 _b630
856 _uhttp://www.taylorfrancis.com/books/9780203001837
942 _cEBOOK
999 _c1835790
_d1835790